Tutti i paesi che hanno partecipato all'ESC - Statistics

Statistiche generali
  • Questo quiz è stato fatto 17 volte
  • Il punteggio medio è 46 su 52
Statistiche sulle risposte
Miglior piazzamento risposta % Corretto
1. Francia
100%
1. Italia
100%
SF 12. Andorra
93%
1. Austria
93%
6. Bielorussia
93%
3. Bosnia ed Erzegovina
93%
2. Bulgaria
93%
2. Croazia
93%
1. Estonia
93%
1. Germania
93%
1. Grecia
93%
1. Irlanda
93%
2. Islanda
93%
1. Israele
93%
1. Lettonia
93%
1. Lussemburgo
93%
1. Norvegia
93%
1. Paesi Bassi
93%
2. Polonia
93%
1. Regno Unito
93%
1. Russia
93%
19. San Marino
93%
2. Serbia e montenegro
93%
18. Slovacchia
93%
7. Slovenia
93%
1. Svezia
93%
1. Svizzera
93%
5. Albania
87%
3. Armenia
87%
1. Azerbaijan
87%
1. Belgio
87%
2. Cipro
87%
1. Danimarca
87%
1. Finlandia
87%
9. Georgia
87%
6. Lituania
87%
2. Malta
87%
3. Moldavia
87%
13. Montenegro
87%
1. Portogallo
87%
6. Repubblica Ceca
87%
3. Romania
87%
1. Serbia
87%
1. Spagna
87%
1. Ucraina
87%
2. Australia
80%
7. Macedonia del Nord
80%
1. Monaco
80%
1. Turchia
80%
4. Ungheria
80%
1. Jugoslavia
60%
18. Marocco
53%
Nessun quiz corrispondente trovato
Distribuzione punteggi
Percentuale di utenti per punteggio
Percentile per numero di risposta
I tuoi punteggi nel tempo
Non hai fatto questo quiz